00537nam a2200181Ii 450000100060000000300090000600800410001504000330005604100080008908200150009711000570011224500420016926400510021130000120026233600260027433700280030033800270032818585CO-ViMGA241108s9999||||xx |||||||||||||| ||und|| aCO-ViMGAbspaerdacCO-ViMGA0 aspa04a268.6 I34p1 aIglesia Católica. Arquidiócesis de Villavicencio10aPlan pastoral Arquicesano 2007 - 2016 1aBogotá, Colombia : San Pablo Apóstol, 2006 avolumen atextbtxt2rdacontent aunmediatedbn2rdamedia avolumebnc2rdacarrier